<?xml version="1.0" encoding="UTF-8"?>
<record
    xmlns:xsi="http://www.w3.org/2001/XMLSchema-instance"
    xsi:schemaLocation="http://www.loc.gov/MARC21/slim http://www.loc.gov/standards/marcxml/schema/MARC21slim.xsd"
    xmlns="http://www.loc.gov/MARC21/slim">

  <leader>01125nam a22002777a 4500</leader>
  <controlfield tag="005">20180309142152.0</controlfield>
  <datafield tag="010" ind1=" " ind2=" ">
    <subfield code="a">1516ENO7   ENG-114943</subfield>
  </datafield>
  <datafield tag="020" ind1=" " ind2=" ">
    <subfield code="a">9789332544932</subfield>
    <subfield code="c">895.00</subfield>
  </datafield>
  <datafield tag="035" ind1=" " ind2=" ">
    <subfield code="a">B-610934-951</subfield>
  </datafield>
  <datafield tag="035" ind1=" " ind2=" ">
    <subfield code="a">B-663863</subfield>
  </datafield>
  <datafield tag="037" ind1=" " ind2=" ">
    <subfield code="a">DPL</subfield>
    <subfield code="b">UBH/Ven</subfield>
  </datafield>
  <datafield tag="037" ind1=" " ind2=" ">
    <subfield code="a">dpl</subfield>
    <subfield code="b">Bookwell</subfield>
  </datafield>
  <datafield tag="082" ind1=" " ind2=" ">
    <subfield code="a">304.2</subfield>
  </datafield>
  <datafield tag="100" ind1=" " ind2=" ">
    <subfield code="a">Knox, Paul L.</subfield>
  </datafield>
  <datafield tag="245" ind1=" " ind2=" ">
    <subfield code="a">Human geography :</subfield>
    <subfield code="c">by Paul L.Knox [and] Sallie A. Marston</subfield>
    <subfield code="b">places and regions in global context /</subfield>
  </datafield>
  <datafield tag="250" ind1=" " ind2=" ">
    <subfield code="a">6th ed</subfield>
  </datafield>
  <datafield tag="260" ind1=" " ind2=" ">
    <subfield code="a">Noida</subfield>
    <subfield code="b">Pearson Education</subfield>
    <subfield code="c">2015</subfield>
  </datafield>
  <datafield tag="270" ind1=" " ind2=" ">
    <subfield code="b">Noida</subfield>
    <subfield code="a">7th Floor,Knowledge Boulevard,A-8(A),Sector-62</subfield>
    <subfield code="e">201309</subfield>
  </datafield>
  <datafield tag="300" ind1=" " ind2=" ">
    <subfield code="a">441p.:</subfield>
    <subfield code="b">ill.,maps</subfield>
    <subfield code="c">28cm(pbk)</subfield>
  </datafield>
  <datafield tag="500" ind1=" " ind2=" ">
    <subfield code="a">Includes bibliographical references and index</subfield>
  </datafield>
  <datafield tag="650" ind1=" " ind2=" ">
    <subfield code="a"> Human geography.</subfield>
  </datafield>
  <datafield tag="700" ind1=" " ind2=" ">
    <subfield code="a">Marston,Sallie A.</subfield>
  </datafield>
  <datafield tag="942" ind1=" " ind2=" ">
    <subfield code="2">ddc</subfield>
    <subfield code="c">EN</subfield>
    <subfield code="m">KNO</subfield>
    <subfield code="h">304.2</subfield>
  </datafield>
  <datafield tag="999" ind1=" " ind2=" ">
    <subfield code="c">96354</subfield>
    <subfield code="d">96354</subfield>
  </datafield>
  <datafield tag="952" ind1=" " ind2=" ">
    <subfield code="0">0</subfield>
    <subfield code="1">0</subfield>
    <subfield code="4">0</subfield>
    <subfield code="7">1</subfield>
    <subfield code="8">NFIC</subfield>
    <subfield code="a">DBAD</subfield>
    <subfield code="b">DBAD</subfield>
    <subfield code="d">2016-02-17</subfield>
    <subfield code="e">DBAD/PUB</subfield>
    <subfield code="g">895.00</subfield>
    <subfield code="l">0</subfield>
    <subfield code="o">304.2 KNO</subfield>
    <subfield code="p">EN-98475</subfield>
    <subfield code="r">2016-02-17 00:00:00</subfield>
    <subfield code="t">1</subfield>
    <subfield code="v">895.00</subfield>
    <subfield code="y">EN</subfield>
  </datafield>
  <datafield tag="952" ind1=" " ind2=" ">
    <subfield code="0">0</subfield>
    <subfield code="1">5</subfield>
    <subfield code="4">0</subfield>
    <subfield code="7">0</subfield>
    <subfield code="8">NFIC</subfield>
    <subfield code="a">L</subfield>
    <subfield code="b">L</subfield>
    <subfield code="d">2016-04-25</subfield>
    <subfield code="e">82/1.10.2015/145/16.9.2015/28.10.2015</subfield>
    <subfield code="g">895.00</subfield>
    <subfield code="l">0</subfield>
    <subfield code="o">304.2 KNO</subfield>
    <subfield code="p">B-610934</subfield>
    <subfield code="r">2016-04-25 00:00:00</subfield>
    <subfield code="t">2</subfield>
    <subfield code="v">895.00</subfield>
    <subfield code="y">EN</subfield>
  </datafield>
  <datafield tag="952" ind1=" " ind2=" ">
    <subfield code="0">0</subfield>
    <subfield code="1">0</subfield>
    <subfield code="4">0</subfield>
    <subfield code="7">0</subfield>
    <subfield code="8">NFIC</subfield>
    <subfield code="a">L</subfield>
    <subfield code="b">L</subfield>
    <subfield code="d">2016-04-25</subfield>
    <subfield code="e">82/1.10.2015/145/16.9.2015/28.10.2015</subfield>
    <subfield code="g">895.00</subfield>
    <subfield code="l">4</subfield>
    <subfield code="o">304.2 KNO</subfield>
    <subfield code="p">B-610935</subfield>
    <subfield code="r">2023-07-19 00:00:00</subfield>
    <subfield code="s">2023-07-04</subfield>
    <subfield code="t">2</subfield>
    <subfield code="v">895.00</subfield>
    <subfield code="y">EN</subfield>
  </datafield>
  <datafield tag="952" ind1=" " ind2=" ">
    <subfield code="0">0</subfield>
    <subfield code="1">0</subfield>
    <subfield code="4">0</subfield>
    <subfield code="7">1</subfield>
    <subfield code="8">REF</subfield>
    <subfield code="a">L</subfield>
    <subfield code="b">L</subfield>
    <subfield code="d">2016-04-25</subfield>
    <subfield code="e">82/1.10.2015/145/16.9.2015/28.10.2015</subfield>
    <subfield code="g">895.00</subfield>
    <subfield code="l">0</subfield>
    <subfield code="o">304.2 KNO</subfield>
    <subfield code="p">B-610936</subfield>
    <subfield code="r">2016-04-25 00:00:00</subfield>
    <subfield code="t">1</subfield>
    <subfield code="v">895.00</subfield>
    <subfield code="y">EN</subfield>
  </datafield>
  <datafield tag="952" ind1=" " ind2=" ">
    <subfield code="0">0</subfield>
    <subfield code="1">0</subfield>
    <subfield code="4">0</subfield>
    <subfield code="7">0</subfield>
    <subfield code="8">NFIC</subfield>
    <subfield code="a">BL1</subfield>
    <subfield code="b">BL1</subfield>
    <subfield code="d">2016-04-25</subfield>
    <subfield code="e">82/1.10.2015/145/16.9.2015/28.10.2015</subfield>
    <subfield code="g">895.00</subfield>
    <subfield code="l">5</subfield>
    <subfield code="o">304.2 KNO</subfield>
    <subfield code="p">B-610937</subfield>
    <subfield code="r">2022-06-08 00:00:00</subfield>
    <subfield code="s">2022-04-25</subfield>
    <subfield code="t">1</subfield>
    <subfield code="v">895.00</subfield>
    <subfield code="y">EN</subfield>
  </datafield>
  <datafield tag="952" ind1=" " ind2=" ">
    <subfield code="0">0</subfield>
    <subfield code="1">0</subfield>
    <subfield code="4">0</subfield>
    <subfield code="7">0</subfield>
    <subfield code="8">NFIC</subfield>
    <subfield code="a">KGM</subfield>
    <subfield code="b">KGM</subfield>
    <subfield code="d">2016-04-25</subfield>
    <subfield code="e">82/1.10.2015/145/16.9.2015/28.10.2015</subfield>
    <subfield code="g">895.00</subfield>
    <subfield code="l">0</subfield>
    <subfield code="o">304.2 KNO</subfield>
    <subfield code="p">B-610938</subfield>
    <subfield code="r">2016-04-25 00:00:00</subfield>
    <subfield code="t">1</subfield>
    <subfield code="v">895.00</subfield>
    <subfield code="y">EN</subfield>
  </datafield>
  <datafield tag="952" ind1=" " ind2=" ">
    <subfield code="0">0</subfield>
    <subfield code="1">0</subfield>
    <subfield code="4">0</subfield>
    <subfield code="7">0</subfield>
    <subfield code="8">NFIC</subfield>
    <subfield code="a">PR</subfield>
    <subfield code="b">PR</subfield>
    <subfield code="d">2016-04-25</subfield>
    <subfield code="e">82/1.10.2015/145/16.9.2015/28.10.2015</subfield>
    <subfield code="g">895.00</subfield>
    <subfield code="l">0</subfield>
    <subfield code="o">304.2 KNO</subfield>
    <subfield code="p">B-610939</subfield>
    <subfield code="r">2016-04-25 00:00:00</subfield>
    <subfield code="t">1</subfield>
    <subfield code="v">895.00</subfield>
    <subfield code="y">EN</subfield>
  </datafield>
  <datafield tag="952" ind1=" " ind2=" ">
    <subfield code="0">0</subfield>
    <subfield code="1">0</subfield>
    <subfield code="4">0</subfield>
    <subfield code="7">0</subfield>
    <subfield code="8">NFIC</subfield>
    <subfield code="a">TN</subfield>
    <subfield code="b">TN</subfield>
    <subfield code="d">2016-04-25</subfield>
    <subfield code="e">82/1.10.2015/145/16.9.2015/28.10.2015</subfield>
    <subfield code="g">895.00</subfield>
    <subfield code="l">1</subfield>
    <subfield code="m">2</subfield>
    <subfield code="o">304.2 KNO</subfield>
    <subfield code="p">B-610940</subfield>
    <subfield code="r">2019-07-01 00:00:00</subfield>
    <subfield code="s">2019-05-20</subfield>
    <subfield code="t">1</subfield>
    <subfield code="v">895.00</subfield>
    <subfield code="y">EN</subfield>
  </datafield>
  <datafield tag="952" ind1=" " ind2=" ">
    <subfield code="0">0</subfield>
    <subfield code="1">0</subfield>
    <subfield code="4">0</subfield>
    <subfield code="7">0</subfield>
    <subfield code="8">NFIC</subfield>
    <subfield code="a">JP</subfield>
    <subfield code="b">JP</subfield>
    <subfield code="d">2016-04-25</subfield>
    <subfield code="e">82/1.10.2015/145/16.9.2015/28.10.2015</subfield>
    <subfield code="g">895.00</subfield>
    <subfield code="l">5</subfield>
    <subfield code="o">304.2 KNO</subfield>
    <subfield code="p">B-610941</subfield>
    <subfield code="r">2018-07-07 00:00:00</subfield>
    <subfield code="s">2018-06-28</subfield>
    <subfield code="t">1</subfield>
    <subfield code="v">895.00</subfield>
    <subfield code="y">EN</subfield>
  </datafield>
  <datafield tag="952" ind1=" " ind2=" ">
    <subfield code="0">0</subfield>
    <subfield code="1">0</subfield>
    <subfield code="4">0</subfield>
    <subfield code="7">0</subfield>
    <subfield code="8">NFIC</subfield>
    <subfield code="a">ZLS</subfield>
    <subfield code="b">ZLS</subfield>
    <subfield code="d">2016-04-25</subfield>
    <subfield code="e">82/1.10.2015/145/16.9.2015/28.10.2015</subfield>
    <subfield code="g">895.00</subfield>
    <subfield code="l">0</subfield>
    <subfield code="o">304.2 KNO</subfield>
    <subfield code="p">B-610942</subfield>
    <subfield code="r">2016-04-25 00:00:00</subfield>
    <subfield code="t">1</subfield>
    <subfield code="v">895.00</subfield>
    <subfield code="y">EN</subfield>
  </datafield>
  <datafield tag="952" ind1=" " ind2=" ">
    <subfield code="0">0</subfield>
    <subfield code="1">0</subfield>
    <subfield code="4">0</subfield>
    <subfield code="7">0</subfield>
    <subfield code="8">NFIC</subfield>
    <subfield code="a">RKP</subfield>
    <subfield code="b">RKP</subfield>
    <subfield code="d">2016-04-25</subfield>
    <subfield code="e">82/1.10.2015/145/16.9.2015/28.10.2015</subfield>
    <subfield code="g">895.00</subfield>
    <subfield code="l">1</subfield>
    <subfield code="m">2</subfield>
    <subfield code="o">304.2 KNO</subfield>
    <subfield code="p">B-610943</subfield>
    <subfield code="r">2026-03-19 00:00:00</subfield>
    <subfield code="s">2026-02-04</subfield>
    <subfield code="t">1</subfield>
    <subfield code="v">895.00</subfield>
    <subfield code="y">EN</subfield>
  </datafield>
  <datafield tag="952" ind1=" " ind2=" ">
    <subfield code="0">0</subfield>
    <subfield code="1">0</subfield>
    <subfield code="4">0</subfield>
    <subfield code="7">0</subfield>
    <subfield code="8">NFIC</subfield>
    <subfield code="a">AG</subfield>
    <subfield code="b">AG</subfield>
    <subfield code="d">2016-04-25</subfield>
    <subfield code="e">82/1.10.2015/145/16.9.2015/28.10.2015</subfield>
    <subfield code="g">895.00</subfield>
    <subfield code="l">2</subfield>
    <subfield code="o">304.2 KNO</subfield>
    <subfield code="p">B-610944</subfield>
    <subfield code="r">2019-04-13 00:00:00</subfield>
    <subfield code="s">2019-04-08</subfield>
    <subfield code="t">1</subfield>
    <subfield code="v">895.00</subfield>
    <subfield code="y">EN</subfield>
  </datafield>
  <datafield tag="952" ind1=" " ind2=" ">
    <subfield code="0">0</subfield>
    <subfield code="1">0</subfield>
    <subfield code="4">0</subfield>
    <subfield code="7">0</subfield>
    <subfield code="8">NFIC</subfield>
    <subfield code="a">SP</subfield>
    <subfield code="b">ZLS</subfield>
    <subfield code="d">2016-04-25</subfield>
    <subfield code="e">82/1.10.2015/145/16.9.2015/28.10.2015</subfield>
    <subfield code="g">895.00</subfield>
    <subfield code="l">1</subfield>
    <subfield code="m">2</subfield>
    <subfield code="o">304.2 KNO</subfield>
    <subfield code="p">B-610945</subfield>
    <subfield code="q">2026-07-01</subfield>
    <subfield code="r">2026-05-20 11:09:19</subfield>
    <subfield code="s">2026-05-20</subfield>
    <subfield code="t">1</subfield>
    <subfield code="v">895.00</subfield>
    <subfield code="y">EN</subfield>
  </datafield>
  <datafield tag="952" ind1=" " ind2=" ">
    <subfield code="0">0</subfield>
    <subfield code="1">0</subfield>
    <subfield code="4">0</subfield>
    <subfield code="7">0</subfield>
    <subfield code="8">NFIC</subfield>
    <subfield code="a">ZLS</subfield>
    <subfield code="b">ZLS</subfield>
    <subfield code="d">2016-04-25</subfield>
    <subfield code="e">82/1.10.2015/145/16.9.2015/28.10.2015</subfield>
    <subfield code="g">895.00</subfield>
    <subfield code="l">2</subfield>
    <subfield code="o">304.2 KNO</subfield>
    <subfield code="p">B-610946</subfield>
    <subfield code="r">2023-06-19 00:00:00</subfield>
    <subfield code="s">2023-06-03</subfield>
    <subfield code="t">1</subfield>
    <subfield code="v">895.00</subfield>
    <subfield code="y">EN</subfield>
  </datafield>
  <datafield tag="952" ind1=" " ind2=" ">
    <subfield code="0">0</subfield>
    <subfield code="1">0</subfield>
    <subfield code="4">0</subfield>
    <subfield code="7">0</subfield>
    <subfield code="8">NFIC</subfield>
    <subfield code="a">VP</subfield>
    <subfield code="b">VP</subfield>
    <subfield code="d">2016-04-25</subfield>
    <subfield code="e">82/1.10.2015/145/16.9.2015/28.10.2015</subfield>
    <subfield code="g">895.00</subfield>
    <subfield code="l">0</subfield>
    <subfield code="o">304.2 KNO</subfield>
    <subfield code="p">B-610947</subfield>
    <subfield code="r">2016-04-25 00:00:00</subfield>
    <subfield code="t">1</subfield>
    <subfield code="v">895.00</subfield>
    <subfield code="y">EN</subfield>
  </datafield>
  <datafield tag="952" ind1=" " ind2=" ">
    <subfield code="0">0</subfield>
    <subfield code="1">0</subfield>
    <subfield code="4">0</subfield>
    <subfield code="7">0</subfield>
    <subfield code="8">NFIC</subfield>
    <subfield code="a">BN</subfield>
    <subfield code="b">BN</subfield>
    <subfield code="d">2016-04-25</subfield>
    <subfield code="e">82/1.10.2015/145/16.9.2015/28.10.2015</subfield>
    <subfield code="g">895.00</subfield>
    <subfield code="l">2</subfield>
    <subfield code="o">304.2 KNO</subfield>
    <subfield code="p">B-610948</subfield>
    <subfield code="r">2024-01-23 00:00:00</subfield>
    <subfield code="s">2024-01-09</subfield>
    <subfield code="t">1</subfield>
    <subfield code="v">895.00</subfield>
    <subfield code="y">EN</subfield>
  </datafield>
  <datafield tag="952" ind1=" " ind2=" ">
    <subfield code="0">0</subfield>
    <subfield code="1">0</subfield>
    <subfield code="4">0</subfield>
    <subfield code="7">0</subfield>
    <subfield code="8">NFIC</subfield>
    <subfield code="a">NR</subfield>
    <subfield code="b">NR</subfield>
    <subfield code="d">2016-04-25</subfield>
    <subfield code="e">82/1.10.2015/145/16.9.2015/28.10.2015</subfield>
    <subfield code="g">895.00</subfield>
    <subfield code="l">0</subfield>
    <subfield code="o">304.2 KNO</subfield>
    <subfield code="p">B-610949</subfield>
    <subfield code="r">2016-04-25 00:00:00</subfield>
    <subfield code="t">1</subfield>
    <subfield code="v">895.00</subfield>
    <subfield code="y">EN</subfield>
  </datafield>
  <datafield tag="952" ind1=" " ind2=" ">
    <subfield code="0">0</subfield>
    <subfield code="1">0</subfield>
    <subfield code="4">0</subfield>
    <subfield code="7">0</subfield>
    <subfield code="8">NFIC</subfield>
    <subfield code="a">BN</subfield>
    <subfield code="b">BN</subfield>
    <subfield code="d">2016-04-25</subfield>
    <subfield code="e">82/1.10.2015/145/16.9.2015/28.10.2015</subfield>
    <subfield code="g">895.00</subfield>
    <subfield code="l">5</subfield>
    <subfield code="m">6</subfield>
    <subfield code="o">304.2 KNO</subfield>
    <subfield code="p">B-610950</subfield>
    <subfield code="r">2023-09-26 00:00:00</subfield>
    <subfield code="s">2023-09-18</subfield>
    <subfield code="t">1</subfield>
    <subfield code="v">895.00</subfield>
    <subfield code="y">EN</subfield>
  </datafield>
  <datafield tag="952" ind1=" " ind2=" ">
    <subfield code="0">0</subfield>
    <subfield code="1">0</subfield>
    <subfield code="4">0</subfield>
    <subfield code="7">0</subfield>
    <subfield code="8">NFIC</subfield>
    <subfield code="a">BL4</subfield>
    <subfield code="b">BL4</subfield>
    <subfield code="d">2016-04-25</subfield>
    <subfield code="e">82/1.10.2015/145/16.9.2015/28.10.2015</subfield>
    <subfield code="g">895.00</subfield>
    <subfield code="l">1</subfield>
    <subfield code="m">2</subfield>
    <subfield code="o">304.2 KNO</subfield>
    <subfield code="p">B-610951</subfield>
    <subfield code="r">2023-06-22 00:00:00</subfield>
    <subfield code="s">2023-05-19</subfield>
    <subfield code="t">1</subfield>
    <subfield code="v">895.00</subfield>
    <subfield code="y">EN</subfield>
  </datafield>
  <datafield tag="952" ind1=" " ind2=" ">
    <subfield code="0">0</subfield>
    <subfield code="1">0</subfield>
    <subfield code="4">0</subfield>
    <subfield code="7">0</subfield>
    <subfield code="8">NFIC</subfield>
    <subfield code="a">AV</subfield>
    <subfield code="b">AV</subfield>
    <subfield code="d">2018-03-09</subfield>
    <subfield code="e">Bookwell/1032/25.2.2017/EN/AV/405/15.2.2017/1.3.2017</subfield>
    <subfield code="g">895.00</subfield>
    <subfield code="l">0</subfield>
    <subfield code="o">304.2 KNO</subfield>
    <subfield code="p">B-663863</subfield>
    <subfield code="r">2018-03-09 00:00:00</subfield>
    <subfield code="t">1</subfield>
    <subfield code="v">895.00</subfield>
    <subfield code="w">2018-03-09</subfield>
    <subfield code="y">EN</subfield>
  </datafield>
</record>
